Регионална библиотека "Любен Каравелов" - Русе

RAEM са моите позивни (Запис номер 475738)

MARC детайли
000 -Лидер
Контролно поле с фиксирана дължина 01515nam a2200325 c 4500
003 - Код на организацията, давaща контролен номер
Контролно поле BLK
005 - Дата и час на последна редакция
Контролно поле 20241219112849.0
008 - Елементи от данни с фиксирана дължина
fixed length control field 200311b bul|||||r ||||||| ||bul||
040 ## - Източник на каталожния запис
Идентификатор на билиотеката - собственик на записа BLK
041 ## - Код за език
Код за езика на текст/звукозапис или на отделно заглавие Български
Код за езика КДБФ Български
080 ## - УДК
Текстов определител УДК География на Антарктика
УДК код - определител по УДК 919.9
УДК - код + определител 919.9
080 ## - УДК
Текстов определител УДК Руска литература
УДК код - определител по УДК 821.161.1
УДК определител -94
УДК - код + определител 821.161.1-94
100 ## - Редна дума - Автор
Автор Кренкел, Ернст Теодорович
Авторска отговорност първи автор
R(LIN) 481671
139 ## - Редно поле
Редна дума Кренкел, Ернст Теодорович
245 10 - Сведения за заглавието
Заглавие RAEM са моите позивни
Подзаглавни данни [Спомени]
Редно поле (дума) Ернст Кренкел ; прев. от рус. Борис Миндов.
257 ## - Страна на издаване
Страна на създаване/издаване СССР
260 ## - Област на издателските данни
Място на издаване, разпространение и проч. Варна
Име на издателя, разпространителя и проч. Георги Бакалов
Година на издаване 1976
9 (RLIN) 210458
300 ## - Физическа характеристика
Страници 544 с.
Размери/Мащаб 20 см
380 ## - Жанр
Жанр География
490 ## - СЕРИИ (Колекции)
Име на серия Библиотека Морета, брегове и хора
№: серия 51
9 (RLIN) 205773
500 ## - Общи забележки
Забележка Ориг. загл. RAEM - мои позивные. - Участието на авт. в изучаването на Арктика.
650 #7 - Допълнително описание по предмет – тема
Основно описание – тема или топоним Географски пътешествия и открития - Арктика и Антарктида
Източник на редна или ключова дума
9 (RLIN) 151893
651 #0 - Допълнително описание по предмет - топоним
9 (RLIN) 321284
Географско понятие Северен полюс
653 #7 - Ключова дума – ненормативна
9 (RLIN) 195011
Ключова дума пътешественици
653 #7 - Ключова дума – ненормативна
9 (RLIN) 194147
Ключова дума полярни изследователи
700 ## - Други автори (авторска отговорност)
Лично име Миндов, Борис Иванов
Автороска отговорност (Описва отношението между автора и произведението) прев.
9 (RLIN) 368236
852 ## - Местоположение
Форматна сигнатура Цб 79221
Фондова буква Хранилище
999 ## - СИСТЕМНИ КОНТРОЛНИ НОМЕРА
Koha biblionumber 475738
Koha biblioitemnumber 475738
942 ## - АРТИКУЛИ
Вид на библиотечния материал Книги
Скрит в OPAC Не
Периодичен библиозапис Да
944 ## - СЪЗДАВАНЕ И РЕДАКЦИЯ на ЗАПИСА
Създаване/Редакция Създаване
Дата на регистрацията/редакция 2022-10-12
Служител, извършил регистрацията/редакцията 30560
Статус, дата на статуса Геновева Генчева
Наличности
Код за отписване Код за изгубен артикул Източник на класификационната схема Код за повреда Коз за рестрикции Код за отдаване Артикулен № Име на библиотеката - собственик Име на библиотеката, в която се намира в момента Статус (Текущо местоположение) Дата на вписване в системата Местоположение - отдел Цена в лева Инвентарен номер Систематично азбучна сигнатура Баркод Цена в евро Служебен тип на артикула
  Не е изгубен Universal Decimal Classification Не е повреден само за читалня ползва се в читалня 907730 Регионална библиотека "Любен Каравелов" Русе Регионална библиотека "Любен Каравелов" Русе Хранилище 2022-10-12 Хранилище 1.96 199140 Цб 79221 120000199140 1.00 Книги
Vip Innovations Ltd, Rousse, Bulgaria 2025